[Event "España ch sub-16 2010"]
[Site "Linares ESP"]
[Date "2010.07.24"]
[Round "7.3"]
[White "Martinez Ramirez, Erik"]
[Black "Cruz Lledo, Pablo"]
[Result "0-1"]
[WhiteElo "2216"]
[BlackElo "2239"]
[PlyCount "88"]
[EventDate "2010.07.20"]
[EventType "swiss"]
[EventRounds "9"]
[EventCountry "ESP"]
[Source "lmi"]
[SourceDate "2010.07.20"]

1. e4 d5 2. exd5 Qxd5 3. Nc3 Qd6 4. d4 Nf6 5. Nf3 c6 6. Ne5 Nbd7 7. Bf4 Qb4 8.
Nc4 Ne4 9. a3 Nxc3 10. Qf3 Qb5 11. Nd6+ exd6 12. Bxb5 Nxb5 13. d5 Ne5 14. Bxe5
dxe5 15. Qe4 cxd5 16. Qxe5+ Be7 17. O-O Be6 18. c4 Bf6 19. Qh5 Nc7 20. cxd5
Nxd5 21. Rad1 Rd8 22. Rfe1 O-O 23. Qe2 Rd7 24. Rd2 Rfd8 25. Red1 g6 26. g3 h5
27. f3 Kg7 28. Qe1 a6 29. Qe2 Kh7 30. Qe1 b5 31. Qe2 Rc7 32. Qe4 Rc4 33. Qe2
Rd7 34. Kh1 Bxb2 35. Rxd5 Bxd5 36. Rxd5 Rxd5 37. Qxb2 Rcd4 38. Qc3 Rd2 39. Qf6
Rd7 40. Qc6 Re7 41. Qc1 Ree2 42. h4 Rh2+ 43. Kg1 Rdg2+ 44. Kf1 Rh1+ 0-1

[Event "España ch sub-16 2010"]
[Site "Linares ESP"]
[Date "2010.07.24"]
[Round "7.4"]
[White "Forcen Esteban, Daniel"]
[Black "Angeleri Rodrigo, Norberto"]
[Result "1-0"]
[WhiteElo "2379"]
[BlackElo "2031"]
[PlyCount "48"]
[EventDate "2010.07.20"]
[EventType "swiss"]
[EventRounds "9"]
[EventCountry "ESP"]
[Source "lmi"]
[SourceDate "2010.07.20"]

1. e4 e5 2. Nf3 Nc6 3. Bb5 f5 4. d3 fxe4 5. dxe4 Nf6 6. O-O Bc5 7. Nc3 d6 8. h3
O-O 9. Ng5 Kh8 10. Be3 Nd4 11. Bc4 Qe8 12. f4 b5 13. fxe5 dxe5 14. Nxb5 Qg6 15.
Nxc7 Rb8 16. c3 Rxb2 17. cxd4 Bxh3 18. gxh3 Bxd4 19. Bxd4 Rd8 20. Qc1 Rxd4 21.
Qxb2 Qxg5+ 22. Kh1 Rxc4 23. Ne6 Qg6 24. Qb8+ Ng8 1-0

[Event "España ch sub-16 2010"]
[Site "Linares ESP"]
[Date "2010.07.24"]
[Round "7.5"]
[White "Alcaraz Ortega, Javier"]
[Black "Navarro Molina, David"]
[Result "1-0"]
[WhiteElo "2242"]
[BlackElo "2012"]
[PlyCount "125"]
[EventDate "2010.07.20"]
[EventType "swiss"]
[EventRounds "9"]
[EventCountry "ESP"]
[Source "lmi"]
[SourceDate "2010.07.20"]

1. Nf3 c5 2. c4 b6 3. g3 Bb7 4. Bg2 e6 5. Nc3 Nf6 6. O-O Be7 7. Re1 O-O 8. e4
d6 9. d4 cxd4 10. Nxd4 Qc7 11. Be3 a6 12. Rc1 Nbd7 13. f4 Rfe8 14. b3 Rac8 15.
g4 e5 16. g5 exd4 17. Bxd4 Nxe4 18. Bxe4 Bxe4 19. Rxe4 Bf8 20. Rxe8 Rxe8 21.
Qd2 Qc6 22. Qg2 Qc8 23. Rd1 Nc5 24. Qf3 Qf5 25. Kf2 Ne4+ 26. Nxe4 Rxe4 27. Be3
Re6 28. Rd5 Qb1 29. Qe2 Qh1 30. Kg3 Qe4 31. Kf2 Qh1 32. Qh5 g6 33. Rd1 Qe4 34.
Qf3 Qf5 35. Rd2 b5 36. cxb5 axb5 37. a4 b4 38. Kg3 h5 39. h3 Kh7 40. Bf2 Bg7
41. Bd4 Re4 42. Be3 d5 43. Rd3 d4 44. Bd2 Bf8 45. Qf2 Rxf4 46. Bxf4 Qxd3+ 47.
Qf3 Qc2 48. Be5 Qc3 49. Kf2 Kg8 50. Qxc3 dxc3 51. Ke2 Bc5 52. a5 Ba7 53. Bc7 f6
54. Bb6 Bb8 55. a6 fxg5 56. a7 Bxa7 57. Bxa7 Kf7 58. Bc5 Ke6 59. Bxb4 c2 60.
Kd2 g4 61. hxg4 h4 62. Ba5 Kf6 63. Bd8+ 1-0

[Event "España ch sub-16 2010"]
[Site "Linares ESP"]
[Date "2010.07.24"]
[Round "7.6"]
[White "Nieto De La Cruz, Julio"]
[Black "Donado-Mazarron Gomez, Miguel"]
[Result "1/2-1/2"]
[WhiteElo "2208"]
[BlackElo "1880"]
[PlyCount "88"]
[EventDate "2010.07.20"]
[EventType "swiss"]
[EventRounds "9"]
[EventCountry "ESP"]
[Source "lmi"]
[SourceDate "2010.07.20"]

1. d4 Nf6 2. c4 c5 3. d5 b5 4. Qc2 g6 5. e4 d6 6. Nf3 Bg7 7. cxb5 a6 8. Nc3 O-O
9. a4 Nbd7 10. Be2 axb5 11. Nxb5 Ba6 12. O-O Ne8 13. Ra3 Nc7 14. Bg5 Nb6 15.
Rfa1 Qd7 16. Nxc7 Qxc7 17. a5 Nc8 18. R1a2 Bxe2 19. Qxe2 Na7 20. Rb3 Rfb8 21.
Rb6 Rxb6 22. axb6 Qxb6 23. Qa6 Qxa6 24. Rxa6 Kf8 25. Bd2 Ke8 26. Ba5 Kd7 27.
Bb6 Kc8 28. b4 Kb7 29. Rxa7+ Rxa7 30. Bxa7 Kxa7 31. bxc5 dxc5 32. Kf1 Kb6 33.
Ke2 c4 34. Ng5 Kc5 35. Nxf7 Kb4 36. Kd2 Kb3 37. e5 Kb2 38. d6 c3+ 39. Kd3 exd6
40. Nxd6 Bxe5 41. Nc4+ Kb1 42. Na3+ Kb2 43. Nc4+ Kb1 44. Na3+ Kb2 1/2-1/2

[Event "España ch sub-16 2010"]
[Site "Linares ESP"]
[Date "2010.07.24"]
[Round "7.7"]
[White "Villar Perez, Samuel"]
[Black "Shatko, Danil"]
[Result "1-0"]
[WhiteElo "2072"]
[BlackElo "2011"]
[PlyCount "115"]
[EventDate "2010.07.20"]
[EventType "swiss"]
[EventRounds "9"]
[EventCountry "ESP"]
[Source "lmi"]
[SourceDate "2010.07.20"]

1. d4 d5 2. Nf3 Nf6 3. c4 c6 4. Nc3 a6 5. c5 Nbd7 6. Bf4 Nh5 7. e3 g6 8. Bd3
Nxf4 9. exf4 Qc7 10. g3 Bg7 11. O-O O-O 12. Re1 Re8 13. Qc2 Nf8 14. b4 f6 15.
f5 gxf5 16. Bxf5 e5 17. Rad1 e4 18. Nh4 Bxf5 19. Nxf5 Qd7 20. Nd6 Re7 21. Qe2
Ne6 22. h4 Rf8 23. Nf5 Ree8 24. Qg4 Kh8 25. Kh2 Rg8 26. Ne2 Bf8 27. Qh3 Ng7 28.
Nh6 Qxh3+ 29. Kxh3 Ne6 30. Nxg8 Kxg8 31. a4 f5 32. b5 axb5 33. axb5 Bg7 34. Rd2
Ra8 35. bxc6 bxc6 36. Rb1 Ra3 37. Rbd1 Bh6 38. Rb2 f4 39. Kg4 fxg3 40. Nxg3 Rf3
41. Nh5 Nf4 42. Nxf4 Rxf4+ 43. Kh5 Bg7 44. Rb8+ Kf7 45. Rb7+ Kg8 46. Rg1 Rf5+
47. Kg4 Rxf2 48. h5 Bxd4 49. Kh3+ Kf8 50. Rgb1 e3 51. Rxh7 Rf7 52. Rxf7+ Kxf7
53. Rc1 Kf6 54. Kg4 Bb2 55. Rf1+ Kg7 56. Kg5 d4 57. h6+ Kg8 58. Kg6 1-0

[Event "España ch sub-16 2010"]
[Site "Linares ESP"]
[Date "2010.07.24"]
[Round "7.8"]
[White "Valhondo Morales, Ruben"]
[Black "Cerrato Torrijos, Maria"]
[Result "1-0"]
[WhiteElo "1874"]
[BlackElo "2064"]
[PlyCount "73"]
[EventDate "2010.07.20"]
[EventType "swiss"]
[EventRounds "9"]
[EventCountry "ESP"]
[Source "lmi"]
[SourceDate "2010.07.20"]

1. e4 c5 2. d3 d6 3. g3 Nc6 4. Bg2 g6 5. f4 Bg7 6. Nf3 e5 7. Nc3 Nge7 8. O-O
O-O 9. f5 gxf5 10. Nh4 f4 11. gxf4 Ng6 12. Nf5 Bxf5 13. exf5 Nxf4 14. Bxf4 exf4
15. Qh5 Bxc3 16. bxc3 Qf6 17. Rxf4 Kh8 18. Rh4 Qg7 19. Kh1 f6 20. Bd5 Rg8 21.
Bxg8 Rxg8 22. Qf3 Ne5 23. Qf2 Qf7 24. c4 Qd7 25. Rg1 Rxg1+ 26. Kxg1 Qg7+ 27.
Kh1 Qg5 28. Qf4 Qg7 29. Qh6 Qe7 30. Re4 a6 31. c3 Qd8 32. d4 Nf7 33. Qe3 Qd7
34. Re8+ Kg7 35. Qe6 Qa4 36. Qe2 Qc6+ 37. Qg2+ 1-0

[Event "España ch sub-16 2010"]
[Site "Linares ESP"]
[Date "2010.07.24"]
[Round "7.9"]
[White "Pardo Simon, David"]
[Black "Nicolas Zapata, Irene"]
[Result "1-0"]
[WhiteElo "2354"]
[BlackElo "1962"]
[PlyCount "37"]
[EventDate "2010.07.20"]
[EventType "swiss"]
[EventRounds "9"]
[EventCountry "ESP"]
[Source "lmi"]
[SourceDate "2010.07.20"]

1. e4 c5 2. Nf3 d6 3. d4 cxd4 4. Nxd4 Nf6 5. Nc3 g6 6. f3 Bg7 7. Be3 Nc6 8. Qd2
O-O 9. g4 Be6 10. Nxe6 fxe6 11. O-O-O Rc8 12. Ne2 Ne5 13. Nd4 Nxf3 14. Nxf3
Nxg4 15. Bh3 Nxe3 16. Bxe6+ Kh8 17. Qxe3 Rc5 18. Qxc5 Rxf3 19. Qc8 1-0

[Event "España ch sub-16 2010"]
[Site "Linares ESP"]
[Date "2010.07.24"]
[Round "7.10"]
[White "Balague Camps, Marc"]
[Black "Vazquez Torres, Adrian"]
[Result "1/2-1/2"]
[WhiteElo "1964"]
[BlackElo "2210"]
[PlyCount "124"]
[EventDate "2010.07.20"]
[EventType "swiss"]
[EventRounds "9"]
[EventCountry "ESP"]
[Source "lmi"]
[SourceDate "2010.07.20"]

1. c4 c5 2. Nf3 Nf6 3. Nc3 Nc6 4. e3 d5 5. cxd5 Nxd5 6. Bb5 Qd6 7. O-O e6 8. d4
cxd4 9. Nxd4 Bd7 10. Be2 Nxd4 11. Qxd4 Nxc3 12. bxc3 Bc6 13. Rd1 Qc5 14. Bb2
Qxd4 15. exd4 Ba4 16. Re1 O-O-O 17. Bc1 Bd6 18. Be3 Ba3 19. Bf3 Bc2 20. Re2 Bd3
21. Rd2 Bc4 22. Rb1 b6 23. Be2 Bxe2 24. Rxe2 Rd7 25. f4 Rc7 26. Rb3 Bd6 27. Kf2
Rc4 28. Rc2 Kd7 29. g3 Kc6 30. Ke2 Rc8 31. Kd3 Kd7 32. Rb5 f6 33. Bd2 Ke7 34.
h3 g6 35. Be1 Kf7 36. Bd2 R8c6 37. Rcb2 Rc8 38. Rc2 h5 39. Be3 R8c6 40. Bd2 a6
41. Rb3 b5 42. Rb1 Rc8 43. Re1 Ba3 44. Bc1 Bxc1 45. Rexc1 Ke7 46. Rb1 Kd6 47.
a3 Kd5 48. Rb3 Rg8 49. Re2 g5 50. fxg5 Rxg5 51. Re3 Ra4 52. Rf3 e5 53. dxe5
fxe5 54. Re3 e4+ 55. Kd2 Re5 56. Rb4 Rxb4 57. axb4 Rg5 58. Ke2 Rg7 59. Kd2 a5
60. bxa5 Ra7 61. Re1 Rxa5 62. Rb1 Ke5 1/2-1/2

[Event "España ch sub-16 2010"]
[Site "Linares ESP"]
[Date "2010.07.24"]
[Round "7.11"]
[White "Jareno Badenas, Aleix"]
[Black "Ladron De Guevara Pinto, Paolo"]
[Result "0-1"]
[WhiteElo "1967"]
[BlackElo "2188"]
[PlyCount "82"]
[EventDate "2010.07.20"]
[EventType "swiss"]
[EventRounds "9"]
[EventCountry "ESP"]
[Source "lmi"]
[SourceDate "2010.07.20"]

1. e4 e6 2. d4 d5 3. e5 c5 4. c3 Qb6 5. Nf3 Nc6 6. a3 cxd4 7. cxd4 Nh6 8. Nc3
Nf5 9. Na4 Qd8 10. b4 Be7 11. Bb2 O-O 12. Bd3 Kh8 13. Bxf5 exf5 14. Nc3 Be6 15.
h4 Rc8 16. Rc1 Nb8 17. Qd2 Nd7 18. g3 Nb6 19. O-O Nc4 20. Qe2 a5 21. Na2 f4 22.
Bc3 a4 23. Bb2 Bg4 24. Rc2 Qd7 25. Rfc1 Nxb2 26. Rxb2 Rxc1+ 27. Nxc1 Qf5 28.
Kg2 Rc8 29. Nd3 Rc3 30. Nde1 fxg3 31. fxg3 h6 32. Ra2 Kh7 33. Qf2 b5 34. Nh2
Qe4+ 35. Nef3 Be6 36. Re2 Qb1 37. Rb2 Qg6 38. Ra2 Bf5 39. Qd2 Rd3 40. Qe2 Be4
41. Kf2 Qf5 0-1

[Event "España ch sub-16 2010"]
[Site "Linares ESP"]
[Date "2010.07.24"]
[Round "7.12"]
[White "Talavera Garcia, Santiago"]
[Black "Fernandez Lledo, Javier"]
[Result "1/2-1/2"]
[WhiteElo "1918"]
[BlackElo "2145"]
[PlyCount "95"]
[EventDate "2010.07.20"]
[EventType "swiss"]
[EventRounds "9"]
[EventCountry "ESP"]
[Source "lmi"]
[SourceDate "2010.07.20"]

1. e4 c5 2. Nf3 Nc6 3. d4 cxd4 4. Nxd4 Nf6 5. Nc3 d6 6. Bg5 e6 7. Qd2 a6 8.
O-O-O Bd7 9. f4 b5 10. a3 Qb6 11. e5 dxe5 12. Nf3 Qc7 13. fxe5 Ng4 14. h3 Ngxe5
15. Nxe5 Nxe5 16. Bf4 Bc6 17. Qe3 f6 18. Bxe5 Qxe5 19. Qxe5 fxe5 20. Re1 Bd6
21. Ne4 Bc7 22. Bd3 Ke7 23. Rhf1 Rhf8 24. Rxf8 Rxf8 25. Re2 Bb6 26. Kd2 Rd8 27.
Kc1 h6 28. b3 a5 29. Nc3 b4 30. axb4 axb4 31. Ne4 Ra8 32. Kd2 Bd5 33. Re1 Bd4
34. Ke2 Rf8 35. Rf1 Rf4 36. Rxf4 exf4 37. Kf3 e5 38. g3 fxg3 39. Kxg3 Be3 40.
Kg4 Be6+ 41. Kg3 g5 42. Bc4 Bf4+ 43. Kg2 Bxc4 44. bxc4 h5 45. Kf3 Ke6 46. c5
Bc1 47. c6 Ke7 48. Nc5 1/2-1/2

[Event "España ch sub-16 2010"]
[Site "Linares ESP"]
[Date "2010.07.24"]
[Round "7.13"]
[White "Quintin Navarro, Alberto"]
[Black "Nieto Asencio, Mari Carmen"]
[Result "1/2-1/2"]
[WhiteElo "2139"]
[BlackElo "1952"]
[PlyCount "113"]
[EventDate "2010.07.20"]
[EventType "swiss"]
[EventRounds "9"]
[EventCountry "ESP"]
[Source "lmi"]
[SourceDate "2010.07.20"]

1. d4 Nf6 2. Nf3 c5 3. d5 d6 4. Nc3 e5 5. e4 Nbd7 6. Bg5 Be7 7. h3 h5 8. Qd2
Nf8 9. O-O-O Ng6 10. Kb1 h4 11. g3 hxg3 12. fxg3 Nh5 13. Rg1 a6 14. a4 Bd7 15.
Bxe7 Qxe7 16. h4 Nf6 17. Ng5 Rb8 18. Bh3 Bxh3 19. Nxh3 b5 20. Ng5 Qd7 21. a5
Qc7 22. h5 Rxh5 23. Rh1 Rxh1 24. Rxh1 b4 25. Nd1 b3 26. Ne3 Rb4 27. Nf5 Qxa5
28. cxb3 Qb6 29. Nxg7+ Kd7 30. Rf1 Nxe4 31. Rxf7+ Kc8 32. Nxe4 Rxe4 33. Rf6
Qxb3 34. Nf5 Rg4 35. Rxg6 Rxg6 36. Ne7+ Kd7 37. Nxg6 Qxg3 38. Nf8+ Ke7 39. Ne6
Qg1+ 40. Ka2 Kf6 41. Qh6+ Kf5 42. Qh7+ Kf6 43. Qh8+ Kf5 44. Qf8+ Ke4 45. Qxd6
Qd1 46. Nxc5+ Kd4 47. Nb3+ Ke4 48. Qxa6 Qxd5 49. Qb7 Qxb7 50. Nc5+ Kd5 51. Nxb7
e4 52. Kb3 e3 53. Kc3 e2 54. Kd2 Kc4 55. Na5+ Kb4 56. Kxe2 Kxa5 57. Kd3 1/2-1/2

[Event "España ch sub-16 2010"]
[Site "Linares ESP"]
[Date "2010.07.24"]
[Round "7.14"]
[White "Rodriguez Lapetra, Pablo"]
[Black "Segarra Martinez, Axel"]
[Result "0-1"]
[WhiteElo "2138"]
[BlackElo "1956"]
[PlyCount "122"]
[EventDate "2010.07.20"]
[EventType "swiss"]
[EventRounds "9"]
[EventCountry "ESP"]
[Source "lmi"]
[SourceDate "2010.07.20"]

1. e4 e6 2. d4 d5 3. Nc3 Bb4 4. e5 b6 5. a3 Bf8 6. Nf3 Ne7 7. Bf4 Nbc6 8. Bd3
Bb7 9. h3 Qd7 10. O-O O-O-O 11. b4 Nf5 12. Ne2 Be7 13. c3 Rdg8 14. a4 g5 15.
Bh2 h5 16. Ne1 g4 17. Nf4 gxh3 18. Nxh3 Rg7 19. a5 Rhg8 20. axb6 axb6 21. Qxh5
f6 22. Nf4 Rg5 23. Qe2 fxe5 24. Ba6 Nb8 25. Bxb7+ Kxb7 26. dxe5 Qc6 27. Nf3 Rg4
28. Rfc1 Nh4 29. Nxh4 Rxh4 30. Bg3 Rh6 31. Qf3 Bg5 32. Rc2 Bxf4 33. Bxf4 Rh4
34. g3 Qc4 35. Be3 Nc6 36. Rca2 Rh3 37. Qf4 Rgh8 38. Qxc4 Rh1+ 39. Kg2 R8h2+
40. Kf3 Nxe5+ 41. Ke2 Nxc4 42. Ra7+ Kc6 43. Rxh1 Rxh1 44. g4 Rg1 45. f3 Rg2+
46. Bf2 e5 47. Kf1 Rh2 48. Kg1 Rh7 49. Ra8 Rf7 50. Kg2 Nd2 51. g5 Rf5 52. Rg8
Nxf3 53. g6 Ng5 54. Be3 Ne6 55. g7 Rf6 56. Kh3 Rg6 57. Re8 Nxg7 58. Rxe5 Kd6
59. Bf4 Ne6 60. Bh2 Kc6 61. Bg3 Ng5+ 0-1

[Event "España ch sub-16 2010"]
[Site "Linares ESP"]
[Date "2010.07.24"]
[Round "7.15"]
[White "Silva Rodriguez, Julio"]
[Black "Buiza Prieto, Aizbeltz"]
[Result "1/2-1/2"]
[WhiteElo "2126"]
[BlackElo "1828"]
[PlyCount "107"]
[EventDate "2010.07.20"]
[EventType "swiss"]
[EventRounds "9"]
[EventCountry "ESP"]
[Source "lmi"]
[SourceDate "2010.07.20"]

1. e4 c5 2. Nf3 e6 3. Nc3 Nc6 4. d4 cxd4 5. Nxd4 Nf6 6. Ndb5 d6 7. Bf4 e5 8.
Bg5 a6 9. Na3 b5 10. Nd5 Be7 11. Bxf6 Bxf6 12. c3 O-O 13. Nc2 Bg5 14. Be2 Ne7
15. O-O Bb7 16. a4 Bxd5 17. exd5 bxa4 18. Rxa4 a5 19. Qd3 f5 20. Rfa1 Rb8 21.
b4 axb4 22. Nxb4 e4 23. Qc4 Rc8 24. Nc6 Nxc6 25. dxc6+ d5 26. Qb5 Bf6 27. Rd1
Bxc3 28. Rxd5 Qf6 29. Rc4 f4 30. Rxe4 Qxc6 31. Qd3 Bf6 32. h3 Kh8 33. Bf3 Qc3
34. Qd1 Qb2 35. Rd2 Rc1 36. Rxb2 Rxd1+ 37. Bxd1 Bxb2 38. Kf1 h6 39. Ke2 Ba3 40.
Kf3 Bc5 41. Bc2 g5 42. Re6 Rc8 43. Bf5 Bf8 44. Kg4 Rd8 45. h4 Rd2 46. hxg5 hxg5
47. Kxg5 Rxf2 48. Kf6 Rxg2 49. Kf7 f3 50. Kxf8 Rg8+ 51. Kf7 Rg7+ 52. Kf6 f2 53.
Re8+ Rg8 54. Rxg8+ 1/2-1/2

[Event "España ch sub-16 2010"]
[Site "Linares ESP"]
[Date "2010.07.24"]
[Round "8.1"]
[White "Alcaraz Ortega, Javier"]
[Black "Anton Guijarro, David"]
[Result "0-1"]
[WhiteElo "2242"]
[BlackElo "2397"]
[PlyCount "158"]
[EventDate "2010.07.20"]
[EventType "swiss"]
[EventRounds "9"]
[EventCountry "ESP"]
[Source "lmi"]
[SourceDate "2010.07.20"]

1. d4 Nf6 2. Bf4 g6 3. e3 Bg7 4. Nf3 d6 5. h3 O-O 6. Nbd2 b6 7. Be2 Bb7 8. O-O
Nc6 9. c3 e6 10. Re1 Qe7 11. e4 e5 12. dxe5 Nxe5 13. Qc2 Rfe8 14. Nxe5 dxe5 15.
Bg5 Red8 16. Rad1 Qc5 17. Be3 Qc6 18. Bf3 h6 19. Nf1 Ne8 20. Rxd8 Rxd8 21. Rd1
Nd6 22. Nd2 Qe8 23. Qb3 Bc6 24. Qc2 Rd7 25. h4 h5 26. g3 Qa8 27. Re1 a5 28. a4
Qe8 29. b3 Rd8 30. Bg2 Qf8 31. Bg5 f6 32. Be3 Bh6 33. Nf1 Nb7 34. Rd1 Rxd1 35.
Qxd1 Bxe3 36. Nxe3 Qd6 37. Qc2 Nc5 38. f3 Kg7 39. Bf1 Be8 40. Bc4 c6 41. Kg2
Qd7 42. Be2 Bf7 43. Bc4 Be8 44. Be2 Qd6 45. Bc4 Bd7 46. Be2 Bc8 47. Bc4 Qd7 48.
Kf2 Qh3 49. Bf1 Qd7 50. Bc4 Kf8 51. Be2 Ke7 52. Bc4 Kd8 53. Qd1 Qxd1 54. Nxd1
Ke7 55. Ke2 Be6 56. Bxe6 Kxe6 57. b4 axb4 58. cxb4 Nxa4 59. Kd3 b5 60. Nf2 Nb2+
61. Kc3 Nc4 62. Nd3 g5 63. Nc5+ Ke7 64. Kd3 Nb6 65. Nb7 Nd7 66. Kc3 gxh4 67.
gxh4 Nf8 68. Na5 Kd7 69. Nb3 Ng6 70. Kd3 Nxh4 71. Ke3 Ng6 72. Nc5+ Ke7 73. Nd3
h4 74. Kf2 Nf4 75. Nc5 Ne6 76. Nd3 Kd6 77. Kg1 c5 78. bxc5+ Nxc5 79. Nb4 Ne6
0-1

[Event "España ch sub-16 2010"]
[Site "Linares ESP"]
[Date "2010.07.24"]
[Round "8.2"]
[White "Cruz Lledo, Pablo"]
[Black "Suarez Uriel, Adrian"]
[Result "1/2-1/2"]
[WhiteElo "2239"]
[BlackElo "2157"]
[PlyCount "68"]
[EventDate "2010.07.20"]
[EventType "swiss"]
[EventRounds "9"]
[EventCountry "ESP"]
[Source "lmi"]
[SourceDate "2010.07.20"]

1. d4 Nf6 2. c4 g6 3. Nf3 Bg7 4. g3 c6 5. Bg2 d5 6. cxd5 cxd5 7. Ne5 O-O 8. Nc3
Nc6 9. f4 Bf5 10. O-O Qb6 11. e3 Rfd8 12. g4 Be4 13. Nxe4 Nxe4 14. Bxe4 dxe4
15. Qc2 Rac8 16. Qxe4 Nxd4 17. exd4 Rxd4 18. Qe3 Bxe5 19. fxe5 Rxc1 20. Raxc1
Rxg4+ 21. Kf2 Qxb2+ 22. Ke1 Qb4+ 23. Qc3 Qe4+ 24. Kd1 Qd5+ 25. Ke2 Re4+ 26. Kf2
Rxe5 27. h4 Re4 28. Qf3 Qd4+ 29. Kg2 Rg4+ 30. Kh3 Rxh4+ 31. Kg3 f5 32. Rc8+ Kg7
33. Qc3 Rg4+ 34. Kh3 Rh4+ 1/2-1/2

[Event "España ch sub-16 2010"]
[Site "Linares ESP"]
[Date "2010.07.24"]
[Round "8.3"]
[White "Villar Perez, Samuel"]
[Black "Forcen Esteban, Daniel"]
[Result "1/2-1/2"]
[WhiteElo "2072"]
[BlackElo "2379"]
[PlyCount "82"]
[EventDate "2010.07.20"]
[EventType "swiss"]
[EventRounds "9"]
[EventCountry "ESP"]
[Source "lmi"]
[SourceDate "2010.07.20"]

1. d4 Nf6 2. Nf3 c5 3. d5 e6 4. c4 exd5 5. cxd5 d6 6. e4 g6 7. Bd3 Bg7 8. h3
O-O 9. O-O c4 10. Bc2 b5 11. Nd4 a6 12. Be3 Qc7 13. Nd2 Bb7 14. Qe2 Re8 15. a4
Nxd5 16. Nxb5 axb5 17. exd5 Bxd5 18. axb5 Rxa1 19. Rxa1 c3 20. bxc3 Qxc3 21.
Rc1 Qb2 22. Qd1 Rc8 23. Ne4 Qe5 24. Nxd6 Qxd6 25. Be4 Rxc1 26. Bxc1 Qc5 27. Be3
Qxb5 28. Bxd5 Nd7 29. Bb3 Nf8 30. Qc2 Qd7 31. Qe4 Ne6 32. Bd5 Qc8 33. h4 h5 34.
g3 Qd7 35. Kh2 Bf6 36. Bxe6 Qxe6 37. Qxe6 fxe6 38. Kg2 Kf7 39. Kf3 Bc3 40. Ke4
Be1 41. Bd4 Ba5 1/2-1/2

[Event "España ch sub-16 2010"]
[Site "Linares ESP"]
[Date "2010.07.24"]
[Round "8.4"]
[White "Sanchez Ibern, Marc"]
[Black "Valhondo Morales, Ruben"]
[Result "1-0"]
[WhiteElo "2255"]
[BlackElo "1874"]
[PlyCount "99"]
[EventDate "2010.07.20"]
[EventType "swiss"]
[EventRounds "9"]
[EventCountry "ESP"]
[Source "lmi"]
[SourceDate "2010.07.20"]

1. e4 e5 2. Nc3 Nf6 3. g3 d5 4. exd5 Nxd5 5. Bg2 Nxc3 6. bxc3 Nc6 7. Qe2 Bd6 8.
Nf3 O-O 9. O-O Re8 10. d3 h6 11. Rb1 f5 12. Nh4 Rf8 13. Re1 Qf6 14. Qh5 Kh7 15.
Bd5 Ne7 16. Bh1 c6 17. f4 exf4 18. Bxf4 Bxf4 19. gxf4 Qxc3 20. Nf3 Qf6 21. Ne5
Rb8 22. c4 Be6 23. Re3 b5 24. Rbe1 Bf7 25. Qe2 Be8 26. Bg2 Ng6 27. Nxg6 Bxg6
28. Re5 Rfe8 29. cxb5 cxb5 30. d4 b4 31. Qf2 Bf7 32. d5 a5 33. Qa7 Rxe5 34.
fxe5 Qb6+ 35. Qxb6 Rxb6 36. e6 Be8 37. Rd1 Rd6 38. Kf2 a4 39. Ke3 b3 40. axb3
axb3 41. Kd4 Rb6 42. Rb1 b2 43. Kc5 Rb5+ 44. Kc4 Rb6 45. Kc5 Rb5+ 46. Kd6 Bg6
47. e7 f4 48. Be4 Bxe4 49. Rxb2 Rb8 50. Rxb8 1-0

[Event "España ch sub-16 2010"]
[Site "Linares ESP"]
[Date "2010.07.24"]
[Round "8.5"]
[White "Meneses, Gonzalez Kevin Mois"]
[Black "Pardo Simon, David"]
[Result "1/2-1/2"]
[WhiteElo "2172"]
[BlackElo "2354"]
[PlyCount "120"]
[EventDate "2010.07.20"]
[EventType "swiss"]
[EventRounds "9"]
[EventCountry "ESP"]
[Source "lmi"]
[SourceDate "2010.07.20"]

1. e4 c5 2. Nf3 e6 3. d4 cxd4 4. Nxd4 a6 5. Bd3 Nf6 6. O-O d6 7. c4 Be7 8. Nc3
Bd7 9. Be3 Nc6 10. f4 Nxd4 11. Bxd4 Bc6 12. Qe2 O-O 13. Rae1 Nd7 14. Nd5 exd5
15. exd5 Bf6 16. Bxf6 Nxf6 17. dxc6 bxc6 18. b3 a5 19. Bc2 d5 20. cxd5 cxd5 21.
Qf2 Qd6 22. Qd4 Rab8 23. Bd3 Rb4 24. Qe5 Qb6+ 25. Qe3 Qb8 26. Qe5 Qd8 27. Qe7
Qb6+ 28. Qe3 Qd6 29. Qe5 Qc6 30. Qe7 Re8 31. Qa7 a4 32. Rxe8+ Qxe8 33. Qc5 Qb8
34. bxa4 Rxa4 35. Rb1 Qd8 36. Qf2 g6 37. f5 Kg7 38. fxg6 hxg6 39. Qc2 Ra7 40.
a4 Qe7 41. h3 Ra8 42. Bb5 d4 43. Qd3 Rd8 44. Bc6 Nh5 45. Rf1 Qc7 46. Be4 Ng3
47. Rb1 Qf4 48. Bf3 Rc8 49. Rd1 Rc3 50. Qd2 Re3 51. a5 d3 52. a6 Qd4 53. Kh2
Qe5 54. Kg1 Qd4 55. Kh2 Nf5 56. Qf2 Qd6+ 57. Kg1 Qb6 58. Kh1 Qa7 59. Qb2+ Nd4
60. Qb7 Re7 1/2-1/2

[Event "España ch sub-16 2010"]
[Site "Linares ESP"]
[Date "2010.07.24"]
[Round "8.6"]
[White "Donado-Mazarron Gomez, Miguel"]
[Black "Martinez Ramirez, Erik"]
[Result "1-0"]
[WhiteElo "1880"]
[BlackElo "2216"]
[PlyCount "89"]
[EventDate "2010.07.20"]
[EventType "swiss"]
[EventRounds "9"]
[EventCountry "ESP"]
[Source "lmi"]
[SourceDate "2010.07.20"]

1. e4 c5 2. Nf3 Nc6 3. d4 cxd4 4. Nxd4 g6 5. c4 Bg7 6. Be3 Nf6 7. Nc3 d6 8. Be2
O-O 9. O-O Nxd4 10. Bxd4 Bd7 11. Qd2 Bc6 12. Bd3 Nd7 13. Bxg7 Kxg7 14. Rae1 a6
15. Re3 Rh8 16. f4 f6 17. Kh1 Rb8 18. Ne2 a5 19. b3 Qb6 20. Bc2 Qb4 21. Qc1 Qc5
22. Qd2 b5 23. Nd4 Qb6 24. e5 dxe5 25. fxe5 Nxe5 26. Rxe5 fxe5 27. c5 Qa6 28.
Qg5 exd4 29. Qxe7+ Kh6 30. Rf4 Bxg2+ 31. Kg1 Bf3 32. Rxf3 Qc8 33. Rf4 Qh3 34.
Rh4+ Qxh4 35. Qxh4+ Kg7 36. Qxd4+ Kh6 37. c6 Rhf8 38. Qh4+ Kg7 39. Qe7+ Kh6 40.
c7 Rbe8 41. Qh4+ Kg7 42. Qd4+ Kh6 43. Be4 Rf7 44. Qe3+ Kg7 45. Qc3+ 1-0

[Event "España ch sub-16 2010"]
[Site "Linares ESP"]
[Date "2010.07.24"]
[Round "8.7"]
[White "Segarra Martinez, Axel"]
[Black "Nieto De La Cruz, Julio"]
[Result "1-0"]
[WhiteElo "1956"]
[BlackElo "2208"]
[PlyCount "129"]
[EventDate "2010.07.20"]
[EventType "swiss"]
[EventRounds "9"]
[EventCountry "ESP"]
[Source "lmi"]
[SourceDate "2010.07.20"]

1. e4 g6 2. d4 Bg7 3. f4 d6 4. Nf3 Nd7 5. Be3 c5 6. Nc3 Ngf6 7. Be2 cxd4 8.
Nxd4 O-O 9. O-O a6 10. Bf3 Nb6 11. Qd3 Nfd7 12. Nb3 Qc7 13. Rad1 Nf6 14. h3 Be6
15. Rf2 Nc4 16. Bc1 Rac8 17. a4 Rfe8 18. Nd4 Bd7 19. b3 Na5 20. Bb2 Nc6 21.
Nxc6 Bxc6 22. Ba1 Qa5 23. Ne2 Red8 24. Nd4 Be8 25. Qd2 Qc5 26. c4 Qb6 27. a5
Qc7 28. Ne2 Bc6 29. Bd4 Nd7 30. Bxg7 Kxg7 31. Qc3+ Kg8 32. Nd4 Nb8 33. h4 b6
34. axb6 Qxb6 35. h5 Bd7 36. h6 e5 37. Nc2 Qc7 38. Rfd2 Nc6 39. Rxd6 Be6 40.
fxe5 Re8 41. Ne3 Qa7 42. Kf1 Qe7 43. Ng4 Rf8 44. Nf6+ Kh8 45. c5 a5 46. Be2 Qa7
47. Nd7 Rfe8 48. Qf3 f5 49. exf6 Bf7 50. Bc4 Nd8 51. Nb6 Bxc4+ 52. bxc4 Nf7 53.
Nxc8 Rxc8 54. R6d5 Qc7 55. Kg1 Kg8 56. Qg4 Rf8 57. e5 Nxe5 58. Qf4 Re8 59. Kh1
Qb8 60. Re1 Nf7 61. Qxb8 Rxb8 62. c6 Rc8 63. c7 Kf8 64. Re7 a4 65. Rdd7 1-0

[Event "España ch sub-16 2010"]
[Site "Linares ESP"]
[Date "2010.07.24"]
[Round "8.8"]
[White "Ladron De Guevara Pinto, Paolo"]
[Black "Bals Hernandez, Jordi"]
[Result "1-0"]
[WhiteElo "2188"]
[BlackElo "2091"]
[PlyCount "72"]
[EventDate "2010.07.20"]
[EventType "swiss"]
[EventRounds "9"]
[EventCountry "ESP"]
[Source "lmi"]
[SourceDate "2010.07.20"]

1. e4 c5 2. Nf3 Nc6 3. d4 cxd4 4. Nxd4 g6 5. Nc3 Bg7 6. Be3 Nf6 7. Bc4 O-O 8.
Bb3 d6 9. f3 Bd7 10. h4 Nxd4 11. Bxd4 b5 12. O-O Bc6 13. Nd5 Bxd5 14. exd5 Nd7
15. Bxg7 Kxg7 16. Qd4+ Kg8 17. Rae1 Re8 18. Kh1 Qb6 19. Qd2 a5 20. c3 Kg7 21.
Re3 Ne5 22. f4 Ng4 23. Ree1 a4 24. Bd1 Nh6 25. g4 e6 26. Bf3 Rac8 27. Kg2 a3
28. bxa3 Qc5 29. dxe6 fxe6 30. Re3 Nf7 31. Rfe1 Qxa3 32. Bd5 Nd8 33. Qd4+ Kf7
34. f5 gxf5 35. gxf5 Rg8+ 36. Kh1 Ke7 1-0